Wikipedia's Edit Wars Quiz Stats

 Plays Quiz Updated May 2, 2012

Challenge
Share
Tweet
Embed
Score 0/28 Timer 08:00
2 Plays Today
Total Page Edits Wikipedia Page % Correct
22,517Jesus
79.4%
15,842Canada
74.3%
18,280The Beatles
73%
6,176 J.K. Rowling
64.9%
10,857U2
64.9%
1,359Lucky Charms
64.5%
5,546Tiger
57.9%
3,050Stingray
51.8%
11,539Cat
47%
9,191Futurama
45.6%
3,999André the Giant
42.3%
611Preteens
40.4%
9,983Iron Maiden
38.9%
8,778House M.D.
38.3%
Total Page Edits Wikipedia Page % Correct
12,802John Kerry
35.6%
2,285Cow tipping
32.7%
1,926Death Star
31.3%
5,654Alumin(i)um
30.9%
2,136Mayonnaise
29.5%
29,297Wikipedia
28.7%
4,351Jeopardy!
27.7%
15,146US Presidential Election, 2008
27.7%
714Arachnophobia
26.8%
7,766Nikola Tesla
22.8%
300Palin
20.1%
11,565Grand Theft Auto IV
19.4%
20,579Nintendo Wii
13%
11,061Ann Coulter
7.6%

You're not logged in!

Compare scores with friends on all Sporcle quizzes.
Join for Free
OR
Log In

You Might Also Like...

Show Comments

Extras

Top Quizzes Today


Score Distribution

Your Account Isn't Verified!

In order to create a playlist on Sporcle, you need to verify the email address you used during registration. Go to your Sporcle Settings to finish the process.

Report this User

Report this user for behavior that violates our Community Guidelines.

Details: